Talkin' Softball (Simpsons Lyrics) Quiz Stats

 Plays Quiz not verified by Sporcle

Challenge
Share
Tweet
Embed
Score 0/69 Timer 05:00
0 Plays Today
% Correct
softball
94%
softball
94%
the
93.5%
the
93.5%
the
93.5%
the
93.5%
the
93.5%
talkin'
91.7%
talkin'
91.7%
talkin'
91.7%
and
87.3%
and
87.3%
and
87.3%
We're
80.9%
we're
80.9%
Homer...
80.3%
Straw
78.8%
in
77.4%
with
76.8%
with
76.8%
it,
73%
it,
73%
Burns
72.5%
to
71.5%
run
71.4%
Sax
70.6%
law
70.6%
Ken
70.5%
...Ozzie
70.4%
Steve
70%
Mr.
69.7%
jaw
69.2%
his
68.8%
swollen
68.4%
plant
65.7%
% Correct
won
65.7%
had
65.6%
had
65.6%
From
65.3%
power
65.3%
Well
65.2%
done
65.1%
San
64.2%
Mattingly
64%
Diego
63.8%
Canseco
63.6%
all
62.6%
Maine
61.8%
Clemens
61.6%
grotesquely
61.3%
Roger
60.9%
Griffey's
60%
clucking
59.4%
while,
58.7%
while
58.7%
Boggs
57.1%
on
57.1%
Mike
54.7%
Wade
53.5%
smile
48.4%
tile
47.5%
us
47%
made
46.7%
lay
45.7%
barroom
45.4%
illness
43.5%
unconscious
41.1%
tragic
40.7%
Scioscia's
31.7%

You're not logged in!

Compare scores with friends on all Sporcle quizzes.
OR
Log In

You Might Also Like...

Show Comments

Extras

Curator's Pick Jun 1, 2011ReportNominate
Tags:Song Quiz, The Simpsons Quiz, softball

Top Quizzes Today


Score Distribution

Your Account Isn't Verified!

In order to create a playlist on Sporcle, you need to verify the email address you used during registration. Go to your Sporcle Settings to finish the process.

Report this User

Report this user for behavior that violates our Community Guidelines.

Details: